| 000 | 00518nam a22001817a 4500 | ||
|---|---|---|---|
| 005 | 20240920152924.0 | ||
| 008 | 240919b |||||||| |||| 00| 0 eng d | ||
| 020 | _a978-93-90460-92-2 | ||
| 041 | _aeng | ||
| 082 | _a612.015 | ||
| 100 |
_aPANDA, DR.SANJAYA KUMAR AND TIWARI, DR. NEHA _98553 |
||
| 245 | _aCELL AND MOLECULAR BIOLOGY [ B.PHARMA, 8TH SEMESTER] | ||
| 250 | _a1ST. RE.P ED. 2023 | ||
| 260 |
_aLUCKNOW _bTHAKUR PUBLICATION PVT LTD |
||
| 300 | _a248;P | ||
| 650 |
_aPHARMACY _xB.PHARMA |
||
| 942 | _cBK | ||
| 999 |
_c8682 _d8680 |
||